Evénements du 27 mai - Statistiques

Statistiques générales
  • Ce quiz a été pris 31 fois
  • Le résultat moyen est 8 sur 15
Statistiques - réponses
Hint Réponse % Correct
Jacques Chirac devient premier ministre pour la 1ère fois 1974
96%
Jean sans Terre, roi d'Angleterre 1199
85%
Fin de la Commune de Paris 1871
77%
Entrée de Geneviève de Gaulle, Germaine Tillon, Pierre Brossolette et Jean Zay au Panthéon 2015
73%
Début de la bataille de Bir Hakeim 1942
65%
PIerre le Grand fonde Saint Petersbourg 1703
62%
Vote de l'Habeas corpus en Angleterre 1679
58%
Naissance d'Alain Souchon 1944
58%
Naissance du romancier Dashiell Hammett 1894
42%
1er vol d'une Caravelle 1955
42%
Instauration du code de la Route 1921
35%
Barack Obama visite Hiroshima 2016
35%
Inauguration du Golden gate bridge de San Francisco 1937
23%
Auguste Piccard effectue le 1er vol en ballon dans la stratosphère 1931
19%
Promulgation du nouveau code canonique 1917
15%
Aucun quiz correspondant
Distribution des résultats
% des personnes avec chaque résultat
Percentile par nombre de réponses
Votre historique - résultats
Vous n’avez pas pris ce quiz